000
00282nam a22001097a 4500
008
160518b xxu||||| |||| 00| 0 eng d
020
_a
9780803623545
041
_a
eng
080
_a
618.2
245
_a
Fundamentals of nursing:
_c
Judith M. Wilkinson; Leslie S. Treas;
942
_2
udc
_c
BK
999
_c
2171
_d
2171